Marriage rules! : (Record no. 1387)

MARC details
000 -LEADER
fixed length control field 01171cam a2200349 i 4500
001 - CONTROL NUMBER
control field 19417036
003 - CONTROL NUMBER IDENTIFIER
control field GBCCL
005 - DATE AND TIME OF LATEST TRANSACTION
control field 20241126110400.0
008 - FIXED-LENGTH DATA ELEMENTS--GENERAL INFORMATION
fixed length control field 161223s2015 wiua 000 0 eng d
010 ## -
-- 2016304625
020 ## - INTERNATIONAL STANDARD BOOK NUMBER
International Standard Book Number 9781424550920 (hbk)
020 ## - INTERNATIONAL STANDARD BOOK NUMBER
International Standard Book Number 1424550920 (hbk)
020 ## - INTERNATIONAL STANDARD BOOK NUMBER
Canceled/invalid ISBN 9781424550937 (e-book)
035 ## - SYSTEM CONTROL NUMBER
System control number (OCoLC)ocn909326676
040 ## - CATALOGING SOURCE
Original cataloging agency BTCTA
Language of cataloging eng
Transcribing agency BTCTA
Description conventions rda
Modifying agency BDX
-- IMF
-- OCLCO
-- OCLCF
-- OCLCO
-- DLC
042 ## -
-- lccopycat
050 00 -
-- HQ734
-- .O67 2015
082 04 - DEWEY DECIMAL CLASSIFICATION NUMBER
Classification number 248.844
Edition information 23
Item number QQU
100 1# - MAIN ENTRY--PERSONAL NAME
Personal name O'Quinn, Ryan,
Dates associated with a name 1972-
9 (RLIN) 2735
245 10 - TITLE STATEMENT
Title Marriage rules! :
Remainder of title the hilarious handbook for surviving marriage /
Statement of responsibility, etc. Ryan O'Quinn ; illustrated by Paul Manchester.
250 ## - EDITION STATEMENT
Edition statement Indian ed.
260 ## - PUBLICATION, DISTRIBUTION, ETC.
Place of publication, distribution, etc. Secunderabad :
Name of publisher, distributor, etc. Authentic,
Date of publication, distribution, etc. 2016.
300 ## - PHYSICAL DESCRIPTION
Extent 133p. :
Other physical details illustrations ;
Dimensions 19 cm
336 ## - CONTENT TYPE
Content type term text
Content type code txt
Source rdacontent
337 ## - MEDIA TYPE
Media type term unmediated
Media type code n
Source rdamedia
338 ## - CARRIER TYPE
Carrier type term volume
Carrier type code nc
Source rdacarrier
650 #0 - SUBJECT ADDED ENTRY--TOPICAL TERM
Topical term or geographic name entry element Marriage.
9 (RLIN) 2123
650 #0 - SUBJECT ADDED ENTRY--TOPICAL TERM
Topical term or geographic name entry element Marriage
Form subdivision Humor.
9 (RLIN) 2736
906 ## - LOCAL DATA ELEMENT F, LDF (RLIN)
a 7
b cbc
c copycat
d 2
e ncip
f 20
g y-gencatlg
942 ## - ADDED ENTRY ELEMENTS (KOHA)
Source of classification or shelving scheme Dewey Decimal Classification
Koha item type Books
Koha issues (borrowed), all copies 11
Holdings
Withdrawn status Lost status Source of classification or shelving scheme Damaged status Not for loan Home library Current Library Shelving location Date acquired Cost, normal purchase price Total checkouts Total renewals Full call number Barcode Date last seen Date last checked out Copy number Price effective from Koha item type
    Dewey Decimal Classification     GRACE BIBLE COLLEGE GRACE BIBLE COLLEGE Ministry & Mission 2017-04-27 64.35 15 1 248.844 QQU 014336 2025-05-01 2024-12-10 c.1 2017-04-27 Books
© Grace Bible College Library 2025